000 00637cab a2200241 4500
001 WB3327-29
008 090401t1997 xxu||||| |||| 00| 0 eng d
035 _a(Sirsi) u79495
041 _aeng
245 _aCinema operators plan expansion across europe
260 _c1997
350 _a0
490 _aEuroProperty
_v6(3) June 1997, 4(1)
520 _aReviews multiplex cinema operators expansion plans across Europe.
650 _aCINEMA DEVELOPMENT
650 _aEUROPE
650 _aGERMANY
650 _aMULTIPLEX CINEMAS
650 _aSPAIN
690 _aLEISURE AND RECREATION
942 _n0
948 _c08/07/1997
999 _c49982
_d49982